| 000 | 00860cam a2200277 i 4500 | ||
|---|---|---|---|
| 001 | 17481612 | ||
| 003 | OSt | ||
| 005 | 20150706113705.0 | ||
| 008 | 121002t20132013nyu b 001 0 eng | ||
| 020 | _a9781936303427 | ||
| 040 | _aSEKU | ||
| 050 | 0 | 0 |
_aRC 108 _b.S4 2013 |
| 100 | 1 | _aSelak, Joy H. | |
| 245 | 1 | 0 |
_aYou don't look sick! : _bliving well with invisible chronic illness _cJoy H. Selak and Steven S. Overman, MD. |
| 246 | 3 | _aYou do not look sick! | |
| 250 | _aSecond edition. | ||
| 264 | 1 |
_aNew York : _bdemosHealth, _c[2013] |
|
| 264 | 4 | _c©2013 | |
| 300 | _a170 p. | ||
| 504 | _aIncludes bibliographical references | ||
| 650 | 0 |
_aChronic diseases _xPsychological aspects. |
|
| 650 | 0 |
_aChronically ill _xMedical care _zUnited States. |
|
| 650 | 0 |
_aChronically ill _vLife skill guides. |
|
| 700 | 1 | _aOverman, Steven S. | |
| 942 |
_2lcc _cGEN |
||
| 999 |
_c5301 _d5301 |
||